অবিচল সতর্কতা : (Record no. 247732)
[ view plain ]
| 000 -LEADER | |
|---|---|
| fixed length control field | 00784nam a22001937a 4500 |
| 003 - CONTROL NUMBER IDENTIFIER | |
| control field | BD-DhUL |
| 005 - DATE AND TIME OF LATEST TRANSACTION | |
| control field | 20190417155736.0 |
| 008 - FIXED-LENGTH DATA ELEMENTS--GENERAL INFORMATION | |
| fixed length control field | 190417s2019 bg ||||| |||| 00| 0 ben |
| 020 ## - INTERNATIONAL STANDARD BOOK NUMBER | |
| International Standard Book Number | 9789849237914 |
| 040 ## - CATALOGING SOURCE | |
| Original cataloging agency | BD-DhUL |
| Transcribing agency | BD-DhUL |
| 082 ## - DEWEY DECIMAL CLASSIFICATION NUMBER | |
| Edition number | 22 |
| Classification number | 320.95492 |
| Item number | DAO |
| 100 ## - MAIN ENTRY--PERSONAL NAME | |
| Personal name | দত্ত, প্রাণ গোপাল । |
| 245 ## - TITLE STATEMENT | |
| Title | অবিচল সতর্কতা : |
| Remainder of title | স্বাধীনতার মূল লক্ষ্য / |
| Statement of responsibility, etc. | লেখক, প্রাণ গোপাল দত্ত । |
| 260 ## - PUBLICATION, DISTRIBUTION, ETC. (IMPRINT) | |
| Place of publication, distribution, etc. | ঢাকা : |
| Name of publisher, distributor, etc. | উৎস, |
| Date of publication, distribution, etc. | ২০১৯ । |
| 300 ## - PHYSICAL DESCRIPTION | |
| Extent | ১১২ পৃ. ; |
| Dimensions | ২২ সেমি |
| 651 #0 - SUBJECT ADDED ENTRY--GEOGRAPHIC NAME | |
| Geographic name | বাংলাদেশ |
| General subdivision | রাজনীতি ও সরকার |
| 651 #0 - SUBJECT ADDED ENTRY--GEOGRAPHIC NAME | |
| Geographic name | Bangladesh |
| General subdivision | Politics and government |
| 942 ## - ADDED ENTRY ELEMENTS (KOHA) | |
| Source of classification or shelving scheme | |
| Koha item type | Books |
| Price effective from | Date last seen | Permanent Location | Not for loan | Date acquired | Source of classification or shelving scheme | Koha item type | Lost status | Withdrawn status | Copy number | Source of acquisition | Collection code | Damaged status | Shelving location | Barcode | Current Location | Full call number |
|---|---|---|---|---|---|---|---|---|---|---|---|---|---|---|---|---|
| 2019-04-17 | 2019-04-17 | Dhaka University Library | Not For Loan | 2019-03-11 | Books | 1 | Purchased | Non Fiction | Liberation War Collection | 512155 | Dhaka University Library | 320.95492 DAO | ||||
| 2019-04-17 | 2019-04-17 | Dhaka University Library | Not For Loan | 2019-03-11 | Books | 2 | Purchased | Non Fiction | Liberation War Collection | 512156 | Dhaka University Library | 320.95492 DAO |
